[Event "3rd EUR-ch"]
[Site "Batumi GEO"]
[Date "2002.06.18"]
[Round "7"]
[White "Zhukova, Natalia"]
[Black "Mamedov, Nidjat"]
[Result "0-1"]
[WhiteElo "2425"]
[BlackElo "2463"]
[EventDate "2002.06.12"]
[PlyCount "78"]

1.d4 Nf6 2.c4 e6 3.Nf3 b6 4.Nc3 Bb7 5.Bg5 Bb4 6.Nd2 c5 7.a3 Bxc3 8.bxc3 d6
9.e4 h6 10.Bh4 e5 11.d5 Nbd7 12.Bd3 Nf8 13.Bc2 g5 14.Ba4+ Ke7 15.Bg3 Ng6 
16.h4 Nf4 17.Bxf4 gxf4 18.g3 Qg8 19.gxf4 Qg2 20.Qf3 Qxf3 21.Nxf3 exf4 22.
e5 Ng4 23.exd6+ Kxd6 24.Bb5 Rad8 25.Rd1 Kc7 26.Rd2 a6 27.Ba4 b5 28.Bb3 
Rhe8+ 29.Kd1 Nf6 30.Kc2 Ne4 31.Re2 Nd6 32.Rhe1 Rxe2+ 33.Rxe2 bxc4 34.Ba4 
Bxd5 35.Re7+ Kb6 36.Ne5 Nf5 37.Nd7+ Kc7 38.Re5 Kd6 39.Kc1 Bc6 0-1

[Event "3rd EUR-ch"]
[Site "Batumi GEO"]
[Date "2002.06.18"]
[Round "7"]
[White "Haznedaroglu, Kivanc"]
[Black "Maherramzade, Javad"]
[Result "1/2-1/2"]
[WhiteElo "2345"]
[BlackElo "2493"]
[EventDate "2002.06.12"]
[PlyCount "81"]

1.e4 c6 2.d4 d5 3.Nc3 dxe4 4.Nxe4 Bf5 5.Ng3 Bg6 6.h4 h6 7.Nf3 Nd7 8.h5 Bh7
9.Bd3 Bxd3 10.Qxd3 e6 11.Bf4 Bb4+ 12.c3 Be7 13.O-O-O Ngf6 14.Kb1 O-O 15.c4
Qa5 16.Ne5 Rad8 17.Qe2 Rfe8 18.Ne4 Nxe4 19.Qxe4 Nxe5 20.Bxe5 Qb4 21.Rh3 f5
22.Qe2 Bf8 23.Rg3 Rd7 24.f4 a5 25.Rb3 Qe7 26.g4 fxg4 27.Qxg4 Qf7 28.Rg3 
Red8 29.Rdg1 Qf5+ 30.Qxf5 exf5 31.Rg6 Rxd4 32.Bxd4 Rxd4 33.Rxh6 Rxc4 34.
Rf6 Bc5 35.Rg2 Be3 36.a3 Rxf4 37.Rfg6 Bd4 38.h6 Re4 39.hxg7 Re7 40.Kc2 
Bxg7 41.Kd3 1/2-1/2

[Event "3rd EUR-ch"]
[Site "Batumi GEO"]
[Date "2002.06.18"]
[Round "7"]
[White "Dovliatov, Sanan"]
[Black "Yegiazarian, Arsen"]
[Result "1-0"]
[WhiteElo "2318"]
[BlackElo "2567"]
[EventDate "2002.06.12"]
[PlyCount "83"]

1.e4 c5 2.Nf3 Nc6 3.d4 cxd4 4.Nxd4 Qb6 5.Nb3 Nf6 6.Nc3 e6 7.Bd3 Be7 8.Be3 
Qc7 9.f4 d6 10.Qf3 a6 11.O-O-O b5 12.g4 Nd7 13.g5 Nc5 14.Kb1 Bb7 15.Qh3 
Nxb3 16.axb3 Nb4 17.Rhg1 Nxd3 18.cxd3 Qd7 19.Bd4 Bf8 20.Rc1 Bc6 21.Rc2 b4 
22.Na4 Bxa4 23.bxa4 Rc8 24.Rxc8+ Qxc8 25.Rc1 Qd7 26.b3 h6 27.g6 d5 28.Be5 
Be7 29.Bxg7 Rg8 30.gxf7+ Kxf7 31.Qh5+ Kxg7 32.Rg1+ Bg5 33.fxg5 Kh8 34.
Qxh6+ Qh7 35.Qxe6 Qxh2 36.Qf6+ Rg7 37.Rc1 Qh3 38.Qxa6 dxe4 39.Qc8+ Qxc8 
40.Rxc8+ Kh7 41.dxe4 Rxg5 42.Rb8 1-0

[Event "3rd EUR-ch"]
[Site "Batumi GEO"]
[Date "2002.06.18"]
[Round "7"]
[White "Bae, Torstein"]
[Black "Jirovsky, Milos"]
[Result "0-1"]
[WhiteElo "2314"]
[BlackElo "2446"]
[EventDate "2002.06.12"]
[PlyCount "202"]

1.d4 d5 2.c4 e6 3.Nf3 Nf6 4.Nc3 c6 5.Bg5 Nbd7 6.e3 Qa5 7.Qc2 Ne4 8.cxd5 
exd5 9.Bd3 Nxg5 10.Nxg5 h6 11.Nf3 Nf6 12.Ne5 Ng4 13.f4 Nxe5 14.fxe5 Be6 
15.Bf5 Bxf5 16.Qxf5 Bb4 17.O-O Qc7 18.Rf3 Bxc3 19.bxc3 O-O 20.Raf1 Rae8 
21.Rg3 Re6 22.Qh5 Qe7 23.Rf4 Kh7 24.Qf3 b5 25.h4 a6 26.h5 Kh8 27.Rf5 Kh7 
28.Qf4 Kh8 29.Rg4 Kh7 30.e4 dxe4 31.Qxe4 Kh8 32.Qf3 Kh7 33.Qd3 Kh8 34.Qf3 
Kh7 35.Rgf4 Kg8 36.Kh2 Qd7 37.Rg4 Kh8 38.Qf2 Qe7 39.Rf3 Kh7 40.Qc2+ Kh8 
41.Qf5 Qe8 42.Rgf4 Kg8 43.Rg3 Kh8 44.Qg4 Rg8 45.Qf3 Rf8 46.Kh1 Qe7 47.Rf5 
Qh4+ 48.Kg1 Qe7 49.Qg4 Rg8 50.Rgf3 Rf8 51.Rf6 Rxf6 52.exf6 Qe1+ 53.Kh2 Rg8
54.Rg3 g5 55.Qd7 Qe8 56.Qd6 Qe4 57.Qe5 Re8 58.Qxe4 Rxe4 59.Rf3 Kg8 60.Rf5 
Re6 61.a4 Kf8 62.d5 cxd5 63.axb5 axb5 64.Rxd5 Rxf6 65.Rxb5 Rc6 66.Rb3 f5 
67.Kg3 Kf7 68.Kf3 Kf6 69.g4 f4 70.c4 Ke5 71.Rb8 Kd4 72.Rg8 Kxc4 73.Rg6 Kd5
74.Rg8 Rc3+ 75.Kf2 Rg3 76.Rg6 Rxg4 77.Rxh6 Ke5 78.Rh8 Rh4 79.h6 Kf5 80.h7 
Kg4 81.Kg2 f3+ 82.Kf2 Rh2+ 83.Ke1 Rh6 84.Kf2 Rh3 85.Ke3 Rh2 86.Kd3 Kg3 87.
Rg8 Rxh7 88.Rxg5+ Kf4 89.Rg8 Rd7+ 90.Kc2 f2 91.Rf8+ Ke3 92.Re8+ Kf3 93.
Rf8+ Ke2 94.Re8+ Kf1 95.Rg8 Rd4 96.Kc3 Rd5 97.Rg7 Ke1 98.Re7+ Kd1 99.Rf7 
Rd2 100.Rf8 Ke1 101.Ra8 f1=Q 0-1

[Event "3rd EUR-ch"]
[Site "Batumi GEO"]
[Date "2002.06.18"]
[Round "7"]
[White "Babaev, Rashad"]
[Black "Ataman, Alper"]
[Result "1/2-1/2"]
[WhiteElo "2430"]
[BlackElo "2191"]
[EventDate "2002.06.12"]
[PlyCount "51"]

1.e4 c5 2.Nf3 Nc6 3.d4 cxd4 4.Nxd4 Nf6 5.Nc3 e5 6.Ndb5 d6 7.Bg5 a6 8.Na3 
b5 9.Nd5 Be7 10.Bxf6 Bxf6 11.c3 Bg5 12.Nc2 Rb8 13.g3 O-O 14.Bg2 a5 15.O-O 
Be6 16.Nce3 Bxe3 17.Nxe3 b4 18.Qd2 bxc3 19.bxc3 Qc7 20.f4 f6 21.f5 Bf7 22.
g4 a4 23.Rac1 Na5 24.h4 Nc4 25.Nxc4 Bxc4 26.Rfe1 1/2-1/2

[Event "3rd EUR-ch"]
[Site "Batumi GEO"]
[Date "2002.06.18"]
[Round "7"]
[White "Karadeniz, Emre"]
[Black "Priehoda, Vitezslav"]
[Result "1/2-1/2"]
[WhiteElo "2307"]
[BlackElo "2425"]
[EventDate "2002.06.12"]
[PlyCount "73"]

1.d4 e6 2.e4 d5 3.Nd2 c5 4.Ngf3 cxd4 5.Nxd4 Nc6 6.Bb5 Bd7 7.Nxc6 bxc6 8.
Bd3 Bd6 9.Qe2 Ne7 10.O-O Qc7 11.Nf3 e5 12.Re1 f6 13.c4 d4 14.c5 Bxc5 15.
Bc4 Qd6 16.Bd2 Rb8 17.Rab1 Be6 18.Rec1 Bb4 19.Bxb4 Rxb4 20.Bxe6 Qxe6 21.
Qa6 Qd7 22.a3 Rb5 23.a4 Rb4 24.Ne1 Qb7 25.Qe2 Rxa4 26.Nd3 Qb5 27.Qh5+ g6 
28.Qf3 Rc4 29.Qxf6 Rf8 30.Qe6 Rxc1+ 31.Nxc1 d3 32.Qd6 Rf4 33.f3 Rf6 34.
Qxd3 Qc5+ 35.Kf1 Rd6 36.Qe2 Qb5 37.Qxb5 1/2-1/2

[Event "3rd EUR-ch"]
[Site "Batumi GEO"]
[Date "2002.06.18"]
[Round "7"]
[White "Makharadze, Jambul"]
[Black "Matnadze, Ana"]
[Result "1/2-1/2"]
[WhiteElo "2302"]
[BlackElo "2365"]
[EventDate "2002.06.12"]
[PlyCount "80"]

1.d4 Nf6 2.c4 e6 3.Nf3 b6 4.Nc3 Bb7 5.Bg5 Bb4 6.e3 h6 7.Bh4 g5 8.Bg3 Ne4 
9.Qc2 f5 10.Nd2 Bxc3 11.bxc3 d6 12.Nb3 Nd7 13.f3 Nxg3 14.hxg3 c5 15.g4 Qf6
16.gxf5 exf5 17.Bd3 Rf8 18.O-O-O O-O-O 19.Kb1 Qe6 20.Rde1 Rde8 21.Nd2 Kb8 
22.e4 fxe4 23.Nxe4 cxd4 24.cxd4 d5 25.cxd5 Qxd5 26.Qc4 Qxc4 27.Bxc4 g4 28.
Rxh6 gxf3 29.gxf3 Rxf3 30.Re6 Rxe6 31.Bxe6 Nf6 32.Nxf6 Rxf6 33.Kc2 Kc7 34.
Bc4 Kd6 35.Bb3 Bd5 36.Re5 Rf2+ 37.Kc3 Rf3+ 38.Kc2 Rf2+ 39.Kc3 Rf3+ 40.Kc2 
Rf2+ 1/2-1/2

[Event "3rd EUR-ch"]
[Site "Batumi GEO"]
[Date "2002.06.18"]
[Round "7"]
[White "Atakisi, Umut"]
[Black "Gurcan, Selim"]
[Result "1/2-1/2"]
[WhiteElo "2358"]
[BlackElo "2283"]
[EventDate "2002.06.12"]
[PlyCount "25"]

1.e4 c5 2.Nf3 d6 3.d4 cxd4 4.Nxd4 Nf6 5.Nc3 a6 6.Bg5 e6 7.f4 b5 8.e5 dxe5 
9.fxe5 Qc7 10.exf6 Qe5+ 11.Be2 Qxg5 12.O-O Bb7 13.Bf3 1/2-1/2

[Event "3rd EUR-ch"]
[Site "Batumi GEO"]
[Date "2002.06.18"]
[Round "7"]
[White "Morchiashvili, Bachana"]
[Black "Erdogdu, Mert"]
[Result "1/2-1/2"]
[WhiteElo "2167"]
[BlackElo "2295"]
[EventDate "2002.06.12"]
[PlyCount "98"]

1.Nf3 Nf6 2.c4 c6 3.Nc3 d5 4.d4 e6 5.g3 dxc4 6.Bg2 Nbd7 7.a4 Bb4 8.O-O O-O
9.Qc2 Qe7 10.e4 e5 11.dxe5 Nxe5 12.Nxe5 Qxe5 13.Na2 Bc5 14.Qxc4 Be6 15.Qc2
Rad8 16.Nc3 Qh5 17.Ne2 Bb3 18.Qxb3 Qxe2 19.Qf3 Qxf3 20.Bxf3 Rfe8 21.Re1 
Bb4 22.Re3 Rd4 23.b3 Nd7 24.Bb2 Rd2 25.Bc3 Bxc3 26.Rxc3 Ne5 27.Kg2 Red8 
28.Re1 R8d4 29.Rce3 Kf8 30.R1e2 Ke7 31.h3 a5 32.Rxd2 Rxd2 33.Be2 Nd7 34.f4
Nc5 35.Kf3 Ne6 36.Rc3 b6 37.Ke3 Rb2 38.Bc4 Nc5 39.e5 Rg2 40.Kd4 Rd2+ 41.
Ke3 Rb2 42.f5 h6 43.g4 Rh2 44.Kf4 Rf2+ 45.Ke3 Rg2 46.Kf4 g5+ 47.fxg6 fxg6 
48.Rf3 Ne6+ 49.Bxe6 Kxe6 1/2-1/2

[Event "3rd EUR-ch"]
[Site "Batumi GEO"]
[Date "2002.06.18"]
[Round "7"]
[White "Chigladze, Iveri"]
[Black "Urushadze, Davit"]
[Result "1-0"]
[WhiteElo "2149"]
[BlackElo "2272"]
[EventDate "2002.06.12"]
[PlyCount "63"]

1.d4 Nf6 2.c4 e6 3.Nc3 Bb4 4.Qc2 O-O 5.a3 Bxc3+ 6.Qxc3 b6 7.Bg5 Bb7 8.f3 
h6 9.Bh4 d5 10.e3 Nbd7 11.Nh3 c5 12.cxd5 Nxd5 13.Bxd8 Nxc3 14.Be7 Rfe8 15.
Bh4 Nd5 16.Bb5 g5 17.Bf2 N5f6 18.dxc5 bxc5 19.e4 Rec8 20.Rc1 e5 21.Be3 Nf8
22.Nf2 Ne6 23.Nd3 Nd4 24.Ba4 Bc6 25.Bxc6 Rxc6 26.Nxe5 Rb6 27.b4 Ra6 28.
Rxc5 Nb3 29.Rc3 Rxa3 30.O-O Ne8 31.Nc4 Rc8 32.Bc5 1-0

[Event "3rd EUR-ch"]
[Site "Batumi GEO"]
[Date "2002.06.18"]
[Round "7"]
[White "Sulashvili, Malkhaz"]
[Black "Duman, Aydin"]
[Result "1/2-1/2"]
[WhiteElo "2254"]
[BlackElo "2155"]
[EventDate "2002.06.12"]
[PlyCount "138"]

1.e4 c5 2.Nf3 Nc6 3.d4 cxd4 4.Nxd4 g6 5.c4 Nf6 6.Nc3 Nxd4 7.Qxd4 d6 8.Be2 
Bg7 9.Be3 O-O 10.Qd1 Qa5 11.O-O Be6 12.Rc1 Rfc8 13.b3 a6 14.a4 b5 15.axb5 
axb5 16.Nxb5 Nxe4 17.Bf3 f5 18.Bxe4 fxe4 19.Bd4 Bf7 20.Bxg7 Kxg7 21.Qd4+ 
Kg8 22.Qxe4 d5 23.Qxe7 dxc4 24.bxc4 Rxc4 25.Nd6 Rf4 26.g3 Rf3 27.Rc7 Rf8 
28.Rfc1 Qd2 29.Ne4 Qd8 30.Qxd8 Rxd8 31.Ng5 Rf5 32.Nxf7 Rxf7 33.Rxf7 Kxf7 
34.Rc7+ Kg8 35.Kg2 Rd3 36.Re7 h6 37.Kf1 Rd2 38.Kg2 Rd3 39.h3 Ra3 40.h4 Rb3
41.g4 Ra3 42.f3 Ra4 43.Kg3 Rb4 44.g5 hxg5 45.hxg5 Ra4 46.Re4 Ra5 47.Kg4 
Kf7 48.Rb4 Ra7 49.Kf4 Ra5 50.Kg4 Kg7 51.f4 Ra1 52.Rb7+ Kg8 53.Kf3 Ra4 54.
Rd7 Rb4 55.Ke3 Rb1 56.Ke4 Re1+ 57.Kd5 Re2 58.Ra7 Re1 59.Rb7 Re2 60.Rb6 Kf7
61.Rb4 Re1 62.Kd6 Re6+ 63.Kd5 Re1 64.Re4 Ra1 65.Re5 Ra5+ 66.Ke4 Ra4+ 67.
Kf3 Ra1 68.Rc5 Re1 69.Rc6 Kg7 1/2-1/2

[Event "3rd EUR-ch"]
[Site "Batumi GEO"]
[Date "2002.06.18"]
[Round "7"]
[White "Arman, Deniz"]
[Black "Dzhakaev, Dzhaka"]
[Result "0-1"]
[WhiteElo "2119"]
[BlackElo "2425"]
[EventDate "2002.06.12"]
[PlyCount "116"]

1.e4 d6 2.d4 a6 3.a4 Nf6 4.Nc3 g6 5.Bc4 Bg7 6.Nge2 O-O 7.O-O e6 8.Bg5 h6 
9.Bh4 g5 10.Bg3 Nxe4 11.Nxe4 d5 12.Nd2 dxc4 13.Nxc4 Nc6 14.c3 b6 15.f4 Bb7
16.Ne3 Ne7 17.Qd2 f5 18.c4 Qd7 19.Rad1 Qxa4 20.fxg5 hxg5 21.Be5 Bxe5 22.
dxe5 Qe8 23.Ng4 Qg6 24.Nf6+ Kh8 25.Ng3 Ng8 26.Ngh5 Nxf6 27.Nxf6 Rf7 28.Qc3
Kg7 29.Rd3 Rh8 30.Rh3 Rxh3 31.Qxh3 Qh6 32.Qd3 Qh8 33.Rd1 Qf8 34.Qh3 Qc5+ 
35.Kh1 Qxe5 36.Nd7 Qxb2 37.Qg3 Qxg2+ 38.Qxg2 Bxg2+ 39.Kxg2 f4 40.Kf3 Rf5 
41.Re1 Kf7 42.Ke4 Ra5 43.Rd1 Ra2 44.Ne5+ Kf6 45.Ng4+ Ke7 46.Rg1 a5 47.Rb1 
Rc2 48.Kd3 Rg2 49.Ne5 Kf6 50.Re1 g4 51.Ke4 Kg5 52.Nf7+ Kh4 53.Nd8 f3 54.
Kf4 Re2 55.Rg1 e5+ 56.Kf5 f2 57.Rf1 g3 58.hxg3+ Kxg3 0-1

[Event "3rd EUR-ch"]
[Site "Batumi GEO"]
[Date "2002.06.18"]
[Round "7"]
[White "Bayram, Yakup"]
[Black "Mareck, Sascha"]
[Result "1-0"]
[WhiteElo "2312"]
[BlackElo "2249"]
[EventDate "2002.06.12"]
[PlyCount "87"]

1.d4 Nf6 2.c4 g6 3.Nc3 Bg7 4.e4 d6 5.f3 O-O 6.Be3 e5 7.d5 Nh5 8.Qd2 f5 9.
O-O-O Nd7 10.Nge2 Ndf6 11.h3 fxe4 12.fxe4 Qe7 13.g4 Nf4 14.Ng3 a6 15.Be2 
Bd7 16.Rdg1 Kh8 17.Qd1 Bh6 18.Bf3 b5 19.Kb1 b4 20.Nce2 Nxe2 21.Qxe2 Bf4 
22.g5 Ne8 23.h4 Qf7 24.h5 Kg8 25.hxg6 hxg6 26.Bxf4 Qxf4 27.Bh5 Qf2 28.Qxf2
Rxf2 29.Bxg6 Ng7 30.Bh7+ Kf7 31.Rf1 Rf4 32.Rxf4+ exf4 33.Rf1 Rh8 34.Rxf4+ 
Ke7 35.Bg6 Be8 36.Bxe8 Nxe8 37.Nf5+ Kd7 38.Nh6 Rh7 39.Kc2 Rg7 40.Rf5 Rg6 
41.Rf7+ Kd8 42.Rf5 Rg7 43.Rf8 Kd7 44.Rg8 1-0

[Event "3rd EUR-ch"]
[Site "Batumi GEO"]
[Date "2002.06.18"]
[Round "7"]
[White "Magalashvili, Davit"]
[Black "Yilmaz, Turhan"]
[Result "1-0"]
[WhiteElo "2160"]
[BlackElo "2303"]
[EventDate "2002.06.12"]
[PlyCount "69"]

1.d4 Nf6 2.c4 g6 3.f3 Bg7 4.e4 d6 5.Nc3 b6 6.Be3 O-O 7.Bd3 a6 8.Nge2 c5 9.
O-O Nc6 10.d5 Ne5 11.f4 Nfg4 12.Bc1 Nxd3 13.Qxd3 f5 14.h3 fxe4 15.Nxe4 Nh6
16.Rb1 b5 17.b3 Rb8 18.Bd2 b4 19.g4 Nf7 20.Bc1 a5 21.Bb2 Bxb2 22.Rxb2 Bd7 
23.N2g3 a4 24.Rbf2 Ra8 25.f5 axb3 26.fxg6 hxg6 27.Ng5 Ne5 28.Rxf8+ Qxf8 
29.Rxf8+ Rxf8 30.Qxb3 Ra8 31.N3e4 Ra3 32.Qc2 Ba4 33.Qf2 Be8 34.Qh4 Bf7 35.
Qh7+ 1-0

[Event "3rd EUR-ch"]
[Site "Batumi GEO"]
[Date "2002.06.18"]
[Round "7"]
[White "Ipek, Ali"]
[Black "Kinsiz, Onur"]
[Result "1-0"]
[WhiteElo "2263"]
[BlackElo "2158"]
[EventDate "2002.06.12"]
[PlyCount "141"]

1.d4 Nf6 2.Nf3 e6 3.Bg5 c5 4.e3 Be7 5.Nbd2 b6 6.Bd3 Bb7 7.O-O d6 8.c3 cxd4
9.exd4 Nbd7 10.Re1 O-O 11.h3 Re8 12.a4 a6 13.Nf1 Nf8 14.Ng3 Ng6 15.Bd2 Bc6
16.Ng5 Qc8 17.f3 Nd5 18.Nh5 Qd8 19.Qc1 Ra7 20.Ne4 f5 21.Ng5 Bxg5 22.Bxg5 
Qc8 23.Qc2 Rf7 24.Re2 Nc7 25.c4 h6 26.Bd2 Qd8 27.Nf4 Nxf4 28.Bxf4 e5 29.d5
Bd7 30.Be3 a5 31.Bxb6 Qb8 32.Bf2 Na6 33.Qc3 Nb4 34.Bb1 Rc8 35.Rd2 Qb7 36.
b3 Nxd5 37.Qxa5 Nf4 38.Rxd6 Qxb3 39.Ba2 Qb2 40.Qe1 Be6 41.Rd2 Qb8 42.Rb1 
Qc7 43.c5 Bxa2 44.Rxa2 Nd3 45.Qe3 Nxf2 46.Kxf2 Qxc5 47.Qxc5 Rxc5 48.Rb8+ 
Kh7 49.Rb5 Rxb5 50.axb5 Rb7 51.Rb2 Kg6 52.Ke3 Kf6 53.Kd3 Ke6 54.Kc4 Rc7+ 
55.Kb4 e4 56.f4 e3 57.Re2 Kd5 58.Rxe3 Rc4+ 59.Ka5 Rxf4 60.b6 Rf1 61.Re7 
Ra1+ 62.Kb5 Rb1+ 63.Ka6 g5 64.Rh7 g4 65.hxg4 fxg4 66.Rxh6 Rb2 67.b7 Ra2+ 
68.Kb6 Rxg2 69.Rh5+ Kc4 70.Rc5+ Kd4 71.b8=Q 1-0

[Event "3rd EUR-ch"]
[Site "Batumi GEO"]
[Date "2002.06.18"]
[Round "7"]
[White "Klerides, Paris"]
[Black "Mamedyarova, Zeinab"]
[Result "0-1"]
[WhiteElo "2210"]
[BlackElo "2312"]
[EventDate "2002.06.12"]
[PlyCount "98"]

1.e4 e5 2.Nf3 Nc6 3.d4 exd4 4.Nxd4 Bc5 5.Nxc6 Qf6 6.Qd2 dxc6 7.Nc3 Be6 8.
Na4 Rd8 9.Bd3 Bd4 10.O-O a6 11.Qa5 b5 12.Nc3 Bb6 13.Qxa6 h5 14.Be3 Bc8 15.
Qa3 Bxe3 16.fxe3 Qg5 17.Qa7 Qe5 18.a4 Nf6 19.Rxf6 gxf6 20.axb5 Rg8 21.Rf1 
h4 22.bxc6 h3 23.Rf2 hxg2 24.Rxg2 Rxg2+ 25.Kxg2 Qg5+ 26.Kf2 Qh4+ 27.Kf1 
Bh3+ 28.Ke2 Qg4+ 29.Kd2 Qg2+ 30.Kc1 Qg1+ 31.Kd2 Qf2+ 32.Ne2 Bg4 33.Qxc7 
Qxe2+ 34.Kc3 Qe1+ 35.Kc4 Be6+ 36.Kb5 Qxe3 37.b4 Rc8 38.Qb6 Qf4 39.Qd4 Qc7 
40.Ka4 Ra8+ 41.Kb5 Qb8+ 42.Qb6 Qe5+ 43.Qc5 Rb8+ 44.Ka6 Qa1+ 45.Qa5 Ra8+ 
46.Kb6 Rxa5 47.bxa5 Qd4+ 48.Kb7 Qb4+ 49.Ka6 Qb8 0-1

[Event "3rd EUR-ch"]
[Site "Batumi GEO"]
[Date "2002.06.20"]
[Round "8"]
[White "Mareck, Sascha"]
[Black "Klerides, Paris"]
[Result "0-1"]
[WhiteElo "2249"]
[BlackElo "2210"]
[EventDate "2002.06.12"]
[PlyCount "74"]

1.e4 d5 2.Nc3 dxe4 3.Nxe4 Qd5 4.Nc3 Qa5 5.d4 Nf6 6.Bc4 Bf5 7.Nf3 c6 8.Qe2 
e6 9.Bd2 Bb4 10.O-O-O Nbd7 11.a3 Bxc3 12.Bxc3 Qc7 13.Ne5 b5 14.Bb3 Be4 15.
Nxd7 Qxd7 16.Bb4 Bd5 17.c4 bxc4 18.Bxc4 a5 19.Bc5 Ne4 20.Rhe1 Nxc5 21.dxc5
O-O 22.Kb1 Rfb8 23.Qe5 Qa7 24.Bxd5 cxd5 25.Rc1 Rc8 26.Qd4 Rab8 27.Re3 Rb5 
28.Rg3 g6 29.Rgc3 Qb8 30.R1c2 Qxh2 31.g3 Qh1+ 32.Ka2 Qe4 33.Qf6 d4 34.Rc4 
e5 35.c6 Qd5 36.b3 a4 37.bxa4 Rc5 0-1

[Event "3rd EUR-ch"]
[Site "Batumi GEO"]
[Date "2002.06.20"]
[Round "8"]
[White "Yilmaz, Turhan"]
[Black "Urushadze, Davit"]
[Result "1-0"]
[WhiteElo "2303"]
[BlackElo "2272"]
[EventDate "2002.06.12"]
[PlyCount "143"]

1.e4 c5 2.Nf3 d6 3.d4 cxd4 4.Nxd4 Nf6 5.Nc3 a6 6.Bg5 e6 7.f4 Qb6 8.Nb3 
Nbd7 9.Be2 Be7 10.Qd3 Qc7 11.Bh4 b5 12.a3 Bb7 13.Bf3 O-O 14.O-O-O e5 15.f5
Nc5 16.Nxc5 dxc5 17.Bxf6 Bxf6 18.Qd7 Rac8 19.Qxc7 Rxc7 20.Nd5 Bxd5 21.exd5
Rd7 22.h4 Be7 23.g4 f6 24.Kd2 Bd6 25.Be4 h6 26.Rdg1 Be7 27.a4 Rb8 28.axb5 
axb5 29.Ra1 Bd6 30.Ra6 Kf7 31.Rha1 Ke7 32.b3 Rdb7 33.Ke2 Kd7 34.Kf3 Rb6 
35.R6a5 Kc7 36.Rg1 Rh8 37.Ke2 Rd8 38.g5 hxg5 39.hxg5 fxg5 40.Rxg5 Rd7 41.
Rg6 c4 42.bxc4 bxc4 43.Ra4 Rb4 44.Rxb4 Bxb4 45.Rc6+ Kd8 46.Rxc4 Bd6 47.Rc3
Ke7 48.Rg3 Kf7 49.Rg6 Be7 50.Rc6 Rd6 51.Rc7 Ke8 52.Rb7 Rd7 53.Rb5 Bd6 54.
Ra5 Rc7 55.Ra4 Kd7 56.Kf3 Bc5 57.Kg4 Ra7 58.Rxa7+ Bxa7 59.Kh5 Ke7 60.Kg6 
Kf8 61.f6 gxf6 62.Kxf6 Bd4 63.c4 Ke8 64.Ke6 Bc5 65.d6 Kd8 66.Kd5 Bb6 67.c5
Ba5 68.Bf5 Bc3 69.c6 Ba5 70.Kxe5 Bb6 71.Kd5 Ba5 72.Kc5 1-0

[Event "3rd EUR-ch"]
[Site "Batumi GEO"]
[Date "2002.06.20"]
[Round "8"]
[White "Mamedyarova, Zeinab"]
[Black "Erdogan, Hakan"]
[Result "1-0"]
[WhiteElo "2312"]
[BlackElo "2233"]
[EventDate "2002.06.12"]
[PlyCount "103"]

1.d4 Nf6 2.Nc3 d5 3.Bg5 Ne4 4.h4 Nxg5 5.hxg5 Bf5 6.Nf3 Nc6 7.Qd2 Qd7 8.e3 
O-O-O 9.a3 f6 10.O-O-O Kb8 11.Be2 Na5 12.Rh4 Qc6 13.Rdh1 e6 14.Bb5 Qb6 15.
Qe2 a6 16.Bd3 Rc8 17.e4 dxe4 18.Nxe4 Be7 19.gxf6 gxf6 20.Ned2 Bxd3 21.Qxd3
c5 22.Rxh7 Rhe8 23.dxc5 Rxc5 24.b4 Rd5 25.bxa5 Qxa5 26.Nc4 Qc7 27.Qe2 Rc8 
28.Rh8 Bf8 29.R1h4 b5 30.Qxe6 Rd6 31.Qxc8+ Kxc8 32.Rxf8+ Rd8 33.Rhh8 Qf4+ 
34.Kb2 Rxf8 35.Rxf8+ Kd7 36.Nce5+ Kd6 37.Rd8+ Kc7 38.Rd7+ Kc8 39.Rf7 a5 
40.Nc6 Qc4 41.Rf8+ Kc7 42.Nxa5 Qe6 43.Nb3 Qe7 44.Nbd4 b4 45.Ra8 bxa3+ 46.
Rxa3 Kb6 47.Re3 Qf8 48.Rb3+ Ka6 49.Ne6 Qg8 50.Nfd4 Qxg2 51.Nc5+ Ka7 52.f3 
1-0

[Event "3rd EUR-ch"]
[Site "Batumi GEO"]
[Date "2002.06.20"]
[Round "8"]
[White "Essing, Arnold"]
[Black "Arman, Deniz"]
[Result "1/2-1/2"]
[WhiteElo "2286"]
[BlackElo "2119"]
[EventDate "2002.06.12"]
[PlyCount "36"]

1.d4 Nf6 2.Nf3 g6 3.c4 Bg7 4.Nc3 d5 5.cxd5 Nxd5 6.Qb3 Nb6 7.e4 Bg4 8.d5 
O-O 9.Be3 c6 10.Be2 e6 11.h3 Bxf3 12.Bxf3 exd5 13.exd5 Nxd5 14.Nxd5 cxd5 
15.Bxd5 Nc6 16.O-O Nd4 17.Bxd4 Bxd4 18.Qf3 Qf6 1/2-1/2

[Event "3rd EUR-ch"]
[Site "Batumi GEO"]
[Date "2002.06.20"]
[Round "8"]
[White "Bayram, Yakup"]
[Black "Morchiashvili, Bachana"]
[Result "1/2-1/2"]
[WhiteElo "2312"]
[BlackElo "2167"]
[EventDate "2002.06.12"]
[PlyCount "77"]

1.c4 Nf6 2.g3 c5 3.Bg2 Nc6 4.Nc3 e6 5.Nf3 b6 6.O-O Bb7 7.d4 Nxd4 8.Nxd4 
Bxg2 9.Nxe6 fxe6 10.Kxg2 Be7 11.e4 d6 12.e5 dxe5 13.Qe2 Qc7 14.Re1 Qc6+ 
15.Kg1 Nd7 16.Bg5 Bxg5 17.Qh5+ g6 18.Qxg5 O-O 19.Rad1 Rf5 20.Qe7 Rf7 21.
Qh4 Nf6 22.Rxe5 Raf8 23.Re3 h5 24.Qg5 Kh7 25.h3 Nd7 26.Ne4 Nf6 27.Nc3 Re8 
28.Rde1 Qd7 29.Ne2 e5 30.Rf3 Ref8 31.Qxe5 Ng4 32.hxg4 Rxf3 33.gxh5 Rxf2 
34.hxg6+ Kxg6 35.Qe4+ Kg7 36.Nf4 R2xf4 37.gxf4 Qg4+ 38.Qg2 Rxf4 39.b3 
1/2-1/2

[Event "3rd EUR-ch"]
[Site "Batumi GEO"]
[Date "2002.06.20"]
[Round "8"]
[White "Duman, Aydin"]
[Black "Citak, Selim"]
[Result "0-1"]
[WhiteElo "2155"]
[BlackElo "2035"]
[EventDate "2002.06.12"]
[PlyCount "128"]

1.e4 e5 2.Nf3 Nc6 3.Bc4 Bc5 4.b4 Bxb4 5.c3 Ba5 6.d4 exd4 7.O-O Nge7 8.Ng5 
d5 9.exd5 Ne5 10.Qxd4 f6 11.Re1 Bb6 12.Qh4 Nf5 13.Qf4 O-O 14.d6+ Kh8 15.
Nf3 Nxd6 16.Bf1 Nxf3+ 17.Qxf3 Re8 18.Rxe8+ Qxe8 19.Nd2 Qe1 20.Qe2 Qxe2 21.
Bxe2 Bf5 22.Ba3 Rd8 23.Re1 h6 24.Bxd6 Rxd6 25.Nc4 Re6 26.Nxb6 Rxb6 27.Bf3 
Rb1 28.Rxb1 Bxb1 29.a3 c6 30.Kf1 Kg8 31.Ke2 Kf7 32.Ke3 Ke6 33.Kd4 Kd6 34.
g3 b5 35.Be2 a5 36.h4 Ba2 37.Bf3 c5+ 38.Kd3 Bc4+ 39.Kd2 g5 40.hxg5 fxg5 
41.Bh5 Ke5 42.Be8 a4 43.Kc2 Kf6 44.Kd2 Ke7 45.Bh5 Bf7 46.Be2 Be8 47.Ke3 h5
48.Kd2 h4 49.gxh4 gxh4 50.c4 b4 51.axb4 cxb4 52.c5 Bc6 53.Bg4 Bg2 54.f4 h3
55.c6 Kd6 56.Bxh3 Bxh3 57.Kd3 Kxc6 58.Kc4 b3 59.Kc3 Kc5 60.f5 Bxf5 61.Kb2 
Kb4 62.Ka1 Bc8 63.Kb2 a3+ 64.Ka1 b2+ 0-1

[Event "3rd EUR-ch"]
[Site "Batumi GEO"]
[Date "2002.06.20"]
[Round "8"]
[White "Bae, Torstein"]
[Black "Sulashvili, Malkhaz"]
[Result "1-0"]
[WhiteElo "2314"]
[BlackElo "2254"]
[EventDate "2002.06.12"]
[PlyCount "67"]

1.d4 d5 2.c4 e6 3.Nc3 c6 4.Nf3 dxc4 5.Bg5 f6 6.Bd2 b5 7.e4 Bb7 8.a4 a6 9.
Be2 Bb4 10.b3 c5 11.dxc5 Bxc3 12.Bxc3 Qxd1+ 13.Rxd1 Bxe4 14.bxc4 bxa4 15.
Ng5 Bf5 16.g4 h6 17.gxf5 hxg5 18.Bf3 Ra7 19.Rb1 Nd7 20.c6 Ne5 21.Bxe5 fxe5
22.Rb7 Ra8 23.Rxg7 e4 24.Bh5+ Kd8 25.c7+ Kc8 26.Bf7 Kxc7 27.Bxg8+ Kd6 28.
Bxe6 Rab8 29.O-O Rh3 30.Rxg5 a3 31.Rg3 Rxg3+ 32.hxg3 Kc5 33.Ra1 Kb4 34.f6 
1-0

[Event "3rd EUR-ch"]
[Site "Batumi GEO"]
[Date "2002.06.20"]
[Round "8"]
[White "Asylguzhin, Radik"]
[Black "Chigladze, Iveri"]
[Result "1-0"]
[WhiteElo "2387"]
[BlackElo "2149"]
[EventDate "2002.06.12"]
[PlyCount "85"]

1.e4 Nf6 2.d3 d5 3.Nd2 e5 4.Be2 Nc6 5.c3 a5 6.h3 Bc5 7.Ngf3 O-O 8.Qc2 Qe7 
9.Nf1 h6 10.g4 dxe4 11.dxe4 Nh7 12.Ng3 Kh8 13.Nf5 Bxf5 14.gxf5 Rab8 15.a4 
Na7 16.Rg1 c6 17.Rg2 Nc8 18.Bd2 Nd6 19.b4 Bb6 20.c4 Bd4 21.Nxd4 exd4 22.f3
Qh4+ 23.Kf1 Qxh3 24.Bf4 Rbd8 25.Kf2 Qh4+ 26.Bg3 Qg5 27.f4 Qe7 28.e5 Ne8 
29.bxa5 f6 30.e6 Nc7 31.Rag1 Rg8 32.Kf1 Na6 33.Be1 Qd6 34.Qd2 d3 35.Bh5 
Nc5 36.Qe3 d2 37.Rxd2 Qe7 38.Rxd8 Qxd8 39.Qxc5 Qd3+ 40.Kf2 Qh3 41.Bf7 Qh2+
42.Kf3 Qh3+ 43.Bg3 1-0

[Event "3rd EUR-ch"]
[Site "Batumi GEO"]
[Date "2002.06.20"]
[Round "8"]
[White "Ataman, Alper"]
[Black "Chibukhchian, Artur"]
[Result "0-1"]
[WhiteElo "2191"]
[BlackElo "2379"]
[EventDate "2002.06.12"]
[PlyCount "106"]

1.d4 a6 2.e4 d6 3.Nf3 Nf6 4.Bd3 Nc6 5.d5 Nb8 6.O-O g6 7.h3 Bg7 8.c4 c6 9.
Nc3 O-O 10.Qe2 b5 11.cxb5 axb5 12.dxc6 b4 13.c7 Qxc7 14.Nb5 Qb7 15.Bf4 Na6
16.e5 dxe5 17.Bxe5 Nc5 18.Rfc1 Nxd3 19.Qxd3 Ra5 20.Nbd4 Bd7 21.Nb3 Rd5 22.
Qe3 Qa8 23.Rc5 Bc6 24.Rxd5 Bxd5 25.Nbd4 Rc8 26.a3 Bf8 27.Qe1 bxa3 28.Rxa3 
Qb7 29.Qa1 Ne4 30.Ne2 f6 31.Bd4 e5 32.Ra7 Qb5 33.Nc3 Nxc3 34.Bxc3 Bc5 35.
Qa6 Qe8 36.Qxf6 Bxa7 37.Bxe5 Qf8 38.Qh8+ Kf7 39.Qxh7+ Ke6 40.Qxg6+ Kd7 41.
Qg4+ Kd8 42.Qg5+ Ke8 43.Bg7 Qc5 44.Qe5+ Kf7 45.Qf6+ Kg8 46.Bh6 Qxf2+ 47.
Kh1 Qf1+ 48.Kh2 Bg1+ 49.Kg3 Qf2+ 50.Kf4 Qe3+ 51.Kg3 Qf2+ 52.Kf4 Rc4+ 53.
Kg5 Qxg2+ 0-1

[Event "3rd EUR-ch"]
[Site "Batumi GEO"]
[Date "2002.06.20"]
[Round "8"]
[White "Priehoda, Vitezslav"]
[Black "Makharadze, Jambul"]
[Result "1/2-1/2"]
[WhiteElo "2425"]
[BlackElo "2302"]
[EventDate "2002.06.12"]
[PlyCount "131"]

1.d4 Nf6 2.c4 e6 3.Nc3 Bb4 4.e3 b6 5.Ne2 Bb7 6.a3 Be7 7.Ng3 d5 8.cxd5 Nxd5
9.Qa4+ Qd7 10.Bb5 Bc6 11.Bxc6 Qxc6 12.Qxc6+ Nxc6 13.Nxd5 exd5 14.Bd2 O-O-O
15.O-O g6 16.Rfc1 Kb7 17.Rc2 Rd7 18.Ne2 Rc8 19.Nf4 Nd8 20.b4 a6 21.a4 c6 
22.f3 Ne6 23.Nd3 f6 24.Rac1 h5 25.Be1 Rdd8 26.Bg3 Bf8 27.Bf2 Re8 28.h4 Bd6
29.Re1 f5 30.g3 Rc7 31.Rec1 Nd8 32.b5 cxb5 33.axb5 Rxc2 34.bxa6+ Kxa6 35.
Rxc2 Kb7 36.Kg2 Nc6 37.Kh3 Ra8 38.Be1 Ra3 39.Bc3 b5 40.Ne5 b4 41.Bb2 Nxe5 
42.dxe5 Be7 43.Bxa3 bxa3 44.Kg2 Kb6 45.Kf2 Kb5 46.Rc8 Kb4 47.Rb8+ Kc3 48.
Rc8+ Kb3 49.Rb8+ Bb4 50.e6 a2 51.e7 a1=Q 52.Rxb4+ Kxb4 53.e8=Q Qb2+ 54.Kf1
Qc1+ 55.Ke2 Qc2+ 56.Ke1 Qc3+ 57.Ke2 Qb2+ 58.Ke1 Kc4 59.Qxg6 Qc3+ 60.Ke2 
Qd3+ 61.Kf2 Qd2+ 62.Kf1 Qd1+ 63.Kf2 Qc2+ 64.Kf1 Qd3+ 65.Kf2 Qd2+ 66.Kf1 
1/2-1/2